Arte cerámico contemporáneo en Chile
I tiakina i:
| Hōputu: | Pukapuka |
|---|---|
| Reo: | Pāniora |
| I whakaputaina: |
Santiago
Museo Nacional de Bellas Artes
1996
|
| Ngā marau: | |
| Ngā Tūtohu: |
Tāpirihia he Tūtohu
Kāore He Tūtohu, Me noho koe te mea tuatahi ki te tūtohu i tēnei pūkete!
|
MARC
| LEADER | 00000nam a2200000 a 4500 | ||
|---|---|---|---|
| 001 | UCK0196 | ||
| 003 | CL-VaPUC | ||
| 008 | 040915e19960000CL |||||||||||||||||spa|d | ||
| 082 | 0 | 4 | |a 738.0983 |b ART |2 21 |
| 245 | 1 | 0 | |a Arte cerámico contemporáneo en Chile |
| 300 | |a 49 p | ||
| 942 | |c BK | ||
| 945 | |d 20040915 00:00:00 |a cmena | ||
| 260 | |a Santiago |b Museo Nacional de Bellas Artes |c 1996 | ||
| 500 | |a Exposición Museo Nacional de Bellas Artes, agosto de 1996 | ||
| 650 | 0 | |a Artistas chilenos |9 344566 | |
| 650 | 0 | |a ceramica |9 262882 | |
| 650 | 0 | |a Exposiciones |9 265884 | |
| 651 | 7 | |a CHILE |2 CL-VaPUC |9 488087 | |
| 583 | |a last modification |c 20040915 00:00:00 |k Rodrigo Vera | ||
| 999 | |c 310686 |d 310684 | ||
| 952 | |0 0 |1 0 |4 0 |6 738_098300000000000_ART_1996 |7 0 |8 R |9 379577 |a BIBART |b BIBART |d 2019-11-21 |i 4060911 |o 738.0983 ART 1996 |p 4060911 |r 2025-03-13 |w 2019-11-21 |y BK_R |k ART | ||